Compton's encyclopedia and Fact-index. V.8 : F. V.11
Enregistré dans:
| Format: | Livre |
|---|---|
| Publié: |
Compton's learning company
1995
|
| Tags: |
Ajouter un tag
Pas de tags, Soyez le premier à ajouter un tag!
|
| Thư viện lưu trữ: | Mạng thư viện Đại học Đà Nẵng |
|---|
| LEADER | 00505nam a2200205 a 4500 | ||
|---|---|---|---|
| 001 | 000030461 | ||
| 003 | 4062 | ||
| 005 | 20171030145630.0 | ||
| 008 | 171030s1995 | ||
| 040 | |a LTT | ||
| 082 | 0 | |a 032 |b Co-E | |
| 245 | 0 | 0 | |a Compton's encyclopedia and Fact-index. V.8 : F. |n V.11 |
| 260 | |b Compton's learning company |c 1995 | ||
| OWN | |a LTT | ||
| 999 | |a From the UDN01 | ||
| TYP | |a Monograph | ||
| TYP | |a Printed language | ||
| 980 | |a Mạng thư viện Đại học Đà Nẵng | ||